Guess the 1960s song lyrics #226 - Statistics

General Stats
  • This quiz has been taken 14 times
  • The average score is 221 of 440
Answer Stats
Answer % Correct
a
100%
I
100%
an
90%
be
90%
on
90%
the
90%
The
90%
you
90%
You
90%
and
80%
at
80%
fo
80%
hear
80%
in
80%
me
80%
of
80%
that
80%
to
80%
your
80%
can't
70%
Can't
70%
girl
70%
have
70%
her
70%
hi
70%
it
70%
Not
70%
not
70%
she
70%
She
70%
they
70%
with
70%
Don't
60%
fi
60%
here
60%
like
60%
Oh
60%
See
60%
shoes
60%
you're
60%
blue
50%
Blue
50%
come
50%
Devil
50%
devil
50%
dress
50%
eye
50%
Fee
50%
fee
50%
fum
50%
Good
50%
good
50%
night
50%
say
50%
She's
50%
she's
50%
up
50%
yeah
50%
Yeah
50%
from
40%
Gonna
40%
Got
40%
heel
40%
high
40%
It's
40%
Look
40%
Lord
40%
mercy
40%
Mitch Ryder
40%
now
40%
too
40%
Ah
30%
alligator
30%
call
30%
Chanel
30%
diamond
30%
fat
30%
feel
30%
five
30%
Get
30%
hat
30%
House
30%
know
30%
number
30%
Ooh
30%
sock
30%
sure
30%
Wearin
30%
alive
20%
ball
20%
bracelets
20%
early
20%
evening
20%
everybody's
20%
everything
20%
finest
20%
fingers
20%
golly
20%
gotta
20%
Gotta
20%
humdinger
20%
Light
20%
mama
20%
match
20%
Miss
20%
Molly
20%
mornin
20%
pearls
20%
perfume
20%
real
20%
rings
20%
rockin
20%
rollin
20%
skinny
20%
walks
20%
wig
20%
Alright
10%
alright
10%
Ay
10%
catches
10%
cats'll
10%
cool
10%
Hey
10%
hey
10%
Jump
10%
jump
10%
late
10%
loves
10%
nervous
10%
shades
10%
Til
10%
No matching quizzes found
Score Distribution
Percent of People with Each Score
Percentile by Number Answered
Your Score History
You have not taken this quiz